000
00236nam a22000857a 4500
008
170603b xxu||||| |||| 00| 0 eng d
100
_9
3235
_a
Mittal. V
245
_a
Lets Discover: The environment Around us
260
_a
New Delhi
_b
Avichal
_c
2003
999
_c
6549
_d
6549